[Event "German Masters (Women)"]
[Site "Munich"]
[Date "2025.05.22"]
[Round "8"]
[White "Sieber, Fiona"]
[Black "Peglau, Charis"]
[Result "0-1"]
[WhiteElo "2232"]
[BlackElo "2138"]
[PlyCount "116"]
[EventDate "2025.05.15"]
[EventType "tourn"]
[EventRounds "9"]
[EventCountry "GER"]
[SourceTitle "CB22_2025"]
[SourceDate "2025.05.28"]
[SourceVersion "1"]
[SourceVersionDate "2025.05.28"]
[SourceQuality "1"]

1. e4 e6 2. d4 d5 3. e5 c5 4. c3 Nc6 5. Nf3 Bd7 6. Be2 Nge7 7. 0-0 Nf5 8. Na3 cxd4 9. cxd4 Be7 10. Nc2 0-0 11. Bd3 f6 12. Bxf5 exf5 13. Bf4 g5 14. Bd2 Be8 15. Bc3 Bh5 16. Qd3 f4 17. Rfe1 Kh8 18. exf6 Bxf6 19. Ne5 Qc7 20. Qh3 Be8 21. Nb4 Rd8 22. Nbxc6 bxc6 23. Bb4 Rg8 24. Qf5 Qg7 25. Ng4 Bxd4 26. Re7 Qg6 27. Qxg6 Bxg6 28. Bc3 Bxc3 29. bxc3 Rg7 30. Rxg7 Kxg7 31. Ne5 c5 32. h4 gxh4 33. Rd1 Kf6 34. Nc6 Rd7 35. Na5 Bc2 36. Rd2 Ba4 37. Kh2 d4 38. cxd4 cxd4 39. Kh3 Rd5 40. Nc4 Bd7+ 41. Kxh4 Kg6 42. g4 h5 43. f3 hxg4 44. fxg4 Bb5 45. Na5 d3 46. Nb3 Bc4 47. Nc1 Rd8 48. Kh3 Kg5 49. Kg2 Kxg4 50. Kf2 Rh8 51. Rd1 d2 52. Nb3 Bxb3 53. Rg1+ Kf5 54. axb3 Rd8 55. Rd1 Ke4 56. Ke2 f3+ 57. Kf2 Rd7 58. b4 a6 0-1

[Event "German Masters (Women)"]
[Site "Munich"]
[Date "2025.05.20"]
[Round "6"]
[White "Peglau, Charis"]
[Black "Schneider, Jana"]
[Result "1/2-1/2"]
[WhiteElo "2138"]
[BlackElo "2314"]
[PlyCount "199"]
[EventDate "2025.05.15"]
[EventType "tourn"]
[EventRounds "9"]
[EventCountry "GER"]
[SourceTitle "CB22_2025"]
[SourceDate "2025.05.28"]
[SourceVersion "1"]
[SourceVersionDate "2025.05.28"]
[SourceQuality "1"]

1. d4 d5 2. c4 e6 3. Nf3 Nf6 4. Nc3 Be7 5. e3 0-0 6. b3 b6 7. Bd3 Bb7 8. 0-0 Nbd7 9. Ne5 dxc4 10. bxc4 Nxe5 11. dxe5 Nd7 12. Qc2 h6 13. f4 Bb4 14. Nb5 Nc5 15. Be2 Be4 16. Qb2 Ba5 17. Rd1 Qe7 18. Qa3 Rfd8 19. Bb2 Rxd1+ 20. Rxd1 a6 21. Nd4 Rd8 22. Bc3 Bxc3 23. Qxc3 Rd7 24. Rf1 Qd8 25. Bg4 Kh8 26. Qa3 a5 27. Qc3 Na6 28. Be2 Nb4 29. a3 Nc6 30. Nxc6 Bxc6 31. c5 b5 32. Qxa5 Rd2 33. Rf2 Rc2 34. Qb4 Rc1+ 35. Bf1 Qd3 36. Qd4 Be4 37. h4 Qxd4 38. exd4 Bd3 39. Rf3 Be2 40. Rf2 Bc4 41. g3 Ra1 42. Kg2 Bd5+ 43. Kh3 c6 44. Bg2 Bxg2+ 45. Kxg2 Rxa3 46. f5 exf5 47. d5 cxd5 48. Rb2 Rc3 49. Rxb5 d4 50. Kf2 Kh7 51. h5 Rc1 52. Ke2 Rc3 53. Kf2 g5 54. hxg6+ Kxg6 55. Rb6+ Kg5 56. Rd6 Rxc5 57. Rxd4 Rxe5 58. Kf3 Re4 59. Rd7 Kf6 60. Rd6+ Re6 61. Rd8 Ke5 62. Rf8 Kf6 63. Rh8 Kg7 64. Rc8 Ra6 65. Kf4 Kf6 66. Rh8 Ra4+ 67. Kf3 Kg7 68. Rc8 h5 69. Rc5 Kf6 70. Rc6+ Kg5 71. Rc8 Ra3+ 72. Kg2 f4 73. Rg8+ Kf5 74. gxf4 Kxf4 75. Rh8 Ra5 76. Rh7 f6 77. Rh6 Kg5 78. Rh8 Kg4 79. Rf8 Ra2+ 80. Kg1 f5 81. Rg8+ Kf3 82. Rh8 f4 83. Rxh5 Ra1+ 84. Kh2 Kf2 85. Rb5 Re1 86. Rb2+ Re2 87. Rb1 f3 88. Ra1 Rd2 89. Rb1 Ke3+ 90. Kg1 Ke2 91. Ra1 Rb2 92. Rc1 Ke3 93. Kf1 Rf2+ 94. Kg1 Rd2 95. Kf1 Rd3 96. Re1+ Kf4 97. Re8 Rd1+ 98. Kf2 Rd2+ 99. Kf1 Ra2 100. Rf8+ 1/2-1/2

[Event "German Masters (Women)"]
[Site "Munich"]
[Date "2025.05.15"]
[Round "1"]
[White "Dolzhikova, Kateryna"]
[Black "Peglau, Charis"]
[Result "1/2-1/2"]
[WhiteElo "2331"]
[BlackElo "2138"]
[PlyCount "150"]
[EventDate "2025.05.15"]
[EventType "tourn"]
[EventRounds "9"]
[EventCountry "GER"]
[SourceTitle "CB22_2025"]
[SourceDate "2025.05.28"]
[SourceVersion "1"]
[SourceVersionDate "2025.05.28"]
[SourceQuality "1"]

1. e4 e5 2. Nf3 Nc6 3. Bb5 g6 4. 0-0 Bg7 5. c3 Nge7 6. d4 exd4 7. cxd4 a6 8. Ba4 b5 9. Bb3 Na5 10. Bc2 Bb7 11. Qe1 Nc4 12. b3 Nb6 13. Nbd2 c5 14. e5 Bxf3 15. Nxf3 Rc8 16. Bg5 Nbd5 17. Be4 h6 18. Bh4 Qb6 19. dxc5 Rxc5 20. Qd2 Nc3 21. Rfe1 Nxe4 22. Rxe4 Rd5 23. Qc1 Rc5 24. Qe1 Nf5 25. Bf6 0-0 26. g4 Bxf6 27. exf6 Nd6 28. Re7 Nc8 29. Re5 Rc6 30. g5 hxg5 31. Nxg5 Rxf6 32. Re8 Rf5 33. h4 Qd4 34. Re4 Qf6 35. Rd1 Nb6 36. Qb4 Qb2 37. Rd2 Qa1+ 38. Kg2 Nd5 39. Qd6 Nf6 40. Re3 Qc1 41. b4 Qc4 42. Qd4 Qc6+ 43. f3 Rd5 44. Qb2 Rxd2+ 45. Qxd2 Qc4 46. Ne4 Nh5 47. Re1 Rc8 48. Qxd7 Qxa2+ 49. Kg1 Rf8 50. Qd4 Qe6 51. Rd1 Rc8 52. Nc5 Qh3 53. Qg4 Qg3+ 54. Qxg3 Nxg3 55. Nxa6 Ne2+ 56. Kf2 Nc3 57. Rd4 Ra8 58. Rd6 Kf8 59. Kg3 Ke7 60. Rb6 Rc8 61. Nc5 Rd8 62. Ne4 Nxe4+ 63. fxe4 Rd4 64. Rxb5 Rxe4 65. Rb8 Rc4 66. b5 Rb4 67. b6 Kf6 68. b7 Kf5 69. Kf3 Rb3+ 70. Ke2 Kf6 71. Kd2 Ke7 72. Kc2 Rb6 73. Kc3 Rb1 74. Kc4 Rc1+ 75. Kd5 Rd1+ 1/2-1/2

[Event "Wch U20 Girls 41st"]
[Site "Petrovac"]
[Date "2025.03.01"]
[Round "5"]
[White "Peglau, Charis"]
[Black "Zeliantsova, Kseniya"]
[Result "0-1"]
[WhiteElo "2203"]
[BlackElo "1999"]
[PlyCount "66"]
[EventDate "2025.02.25"]
[EventType "swiss"]
[EventRounds "11"]
[EventCountry "MNE"]
[SourceTitle "CB11_2025"]
[SourceDate "2025.03.12"]
[SourceVersion "1"]
[SourceVersionDate "2025.03.12"]
[SourceQuality "1"]

1. d4 d6 2. Nf3 g6 3. c4 Bg7 4. Nc3 Nd7 5. e4 e5 6. Be3 Ne7 7. c5 0-0 8. cxd6 cxd6 9. Bc4 Nc6 10. 0-0 Nb6 11. Bb3 Bg4 12. d5 Nd4 13. Bxd4 exd4 14. Nb5 f5 15. h3 fxe4 16. hxg4 exf3 17. gxf3 Rf4 18. Rc1 Qh4 19. Kg2 Raf8 20. Qe2 Rxf3 21. Qxf3 Rxf3 22. Kxf3 Qh3+ 23. Ke2 Qxg4+ 24. f3 Qf4 25. Kd3 Qe3+ 26. Kc2 d3+ 27. Kb1 d2 28. Rcd1 Qd3+ 29. Ka1 Qxb5 30. Rf2 a5 31. Rdxd2 a4 32. Bd1 Nc4 33. Rc2 a3 0-1

[Event "BL 2425 (Women)"]
[Site "Germany"]
[Date "2024.11.17"]
[Round "2.1"]
[White "Javakhishvili, Lela"]
[Black "Peglau, Charis"]
[Result "1-0"]
[WhiteElo "2422"]
[BlackElo "2131"]
[PlyCount "57"]
[EventDate "2024.11.16"]
[EventType "team-tourn"]
[EventRounds "11"]
[EventCountry "GER"]
[SourceTitle "CB48_2024"]
[SourceDate "2024.11.28"]
[SourceVersion "1"]
[SourceVersionDate "2024.11.28"]
[SourceQuality "1"]
[WhiteTeam "Schwaebisch Hall (W)"]
[BlackTeam "Dippoldiswalde Seeblick (W)"]
[WhiteTeamCountry "GER"]
[BlackTeamCountry "GER"]

1. d4 d5 2. Nf3 Nf6 3. g3 Bf5 4. c4 c6 5. Nc3 e6 6. Nh4 Bg6 7. Qb3 Qc8 8. Bg2 Be7 9. 0-0 Nbd7 10. Nxg6 hxg6 11. Bf4 Nb6 12. cxd5 exd5 13. a4 Nh5 14. Bc1 Rb8 15. a5 Na8 16. Re1 0-0 17. e4 dxe4 18. Bxe4 Bd6 19. Bxg6 Nf6 20. Ne4 Nxe4 21. Rxe4 Qd8 22. Rh4 Be7 23. Bh7+ Kh8 24. Rh3 Nc7 25. Qf3 g6 26. Bxg6+ Kg7 27. Be4 f5 28. Bxf5 Ne6 29. Bh6+ 1-0

[Event "Wch U16 Girls"]
[Site "Florianopolis"]
[Date "2024.11.03"]
[Round "6"]
[White "Peglau, Charis"]
[Black "Jiang, Hanxi"]
[Result "1/2-1/2"]
[WhiteElo "2095"]
[BlackElo "1922"]
[PlyCount "117"]
[EventDate "2024.10.29"]
[EventType "swiss"]
[EventRounds "11"]
[EventCountry "BRA"]
[SourceTitle "CB45_2024"]
[Source "ChessBase"]
[SourceDate "2024.11.06"]
[SourceVersion "1"]
[SourceVersionDate "2024.11.06"]
[SourceQuality "1"]

1. e4 c6 2. d4 d5 3. e5 c5 4. dxc5 e6 5. Be3 Nd7 6. Bb5 Ne7 7. c3 Nc6 8. Nf3 Nxc5 9. Nbd2 Qc7 10. 0-0 a6 11. Bxc6+ bxc6 12. Qc2 Be7 13. Rfe1 h6 14. Nd4 0-0 15. f4 Nd7 16. Nf1 c5 17. Nf3 f6 18. Qg6 fxe5 19. Qxe6+ Rf7 20. Nxe5 Nxe5 21. Qxe5 Qc6 22. Bd2 Bb7 23. Qh5 Raf8 24. Re2 Bd6 25. Rf2 d4 26. cxd4 Rf5 27. Qe2 cxd4 28. Qe6+ Kh8 29. Rc1 Rc5 30. Rxc5 Qxc5 31. Ng3 Bd5 32. Qg6 Rf6 33. Qe8+ Rf8 34. Qg6 Rf6 35. Qe8+ Rf8 36. Qd7 Bc6 37. Qg4 Qd5 38. Nh5 Rf7 39. f5 Bc5 40. Nf4 Qe4 41. b4 Ba7 42. Ng6+ Kh7 43. Qxe4 Bxe4 44. Rf4 Rxf5 45. Rxf5 Bxf5 46. Ne5 Be4 47. a4 d3+ 48. Kf1 Bb8 49. Nd7 Bxh2 50. Nc5 Bc6 51. Nxa6 Bxa4 52. Nc5 Bb5 53. Kf2 Bd6 54. Ke3 Bxc5+ 55. bxc5 Kg6 56. Bc3 h5 57. g3 Kh6 58. c6 Bxc6 59. Kxd3 1/2-1/2

[Event "Wch U16 Girls"]
[Site "Florianopolis"]
[Date "2024.11.02"]
[Round "5"]
[White "Khamdamova, Afruza"]
[Black "Peglau, Charis"]
[Result "1-0"]
[WhiteElo "2330"]
[BlackElo "2095"]
[PlyCount "123"]
[EventDate "2024.10.29"]
[EventType "swiss"]
[EventRounds "11"]
[EventCountry "BRA"]
[SourceTitle "CB45_2024"]
[Source "ChessBase"]
[SourceDate "2024.11.06"]
[SourceVersion "1"]
[SourceVersionDate "2024.11.06"]
[SourceQuality "1"]

1. e4 e5 2. Nf3 Nc6 3. Bb5 a6 4. Ba4 b5 5. Bb3 Na5 6. 0-0 d6 7. c3 Nxb3 8. axb3 Nf6 9. Re1 Be7 10. b4 Bg4 11. h3 Bxf3 12. Qxf3 0-0 13. d3 c5 14. bxc5 dxc5 15. Na3 Rc8 16. Nc2 Qb6 17. Bg5 h6 18. Bxf6 Bxf6 19. Ne3 Bg5 20. Nd5 Qe6 21. c4 b4 22. Qg3 Rc6 23. Re2 Re8 24. b3 Qc8 25. Rea2 Rg6 26. Qf3 Bd8 27. Kh2 Rd6 28. g3 Ree6 29. Qh5 g6 30. Qf3 h5 31. h4 Re8 32. Qe3 Kg7 33. f4 Bf6 34. Rf1 Rf8 35. Rff2 Rc6 36. f5 a5 37. Qd2 Qd8 38. Kg2 Ra6 39. Qb2 Qb8 40. Rf3 Rc6 41. Qa1 Bd8 42. f6+ Kh7 43. Qd1 Rh8 44. Rf5 Kg8 45. Qd2 Re6 46. Qg5 Qd6 47. Rff2 Kf8 48. Qe3 Ke8 49. Ra1 Kf8 50. Rfa2 Re8 51. Rxa5 Bxa5 52. Rxa5 Kg8 53. Ra7 Qf8 54. Re7 Ra8 55. Qxc5 g5 56. Qf2 gxh4 57. Rxe5 Rh6 58. Rg5+ Kh8 59. gxh4 Ra3 60. Ne7 Rxb3 61. Qg3 Rb2+ 62. Kh3 1-0

[Event "Wch U16 Girls"]
[Site "Florianopolis"]
[Date "2024.11.01"]
[Round "4"]
[White "Peglau, Charis"]
[Black "Gaszka, Zuzanna"]
[Result "1-0"]
[WhiteElo "2095"]
[BlackElo "1954"]
[PlyCount "67"]
[EventDate "2024.10.29"]
[EventType "swiss"]
[EventRounds "11"]
[EventCountry "BRA"]
[SourceTitle "CB45_2024"]
[Source "ChessBase"]
[SourceDate "2024.11.06"]
[SourceVersion "1"]
[SourceVersionDate "2024.11.06"]
[SourceQuality "1"]

1. e4 c6 2. d4 d5 3. e5 Bf5 4. h4 h5 5. Bd3 Qd7 6. Ne2 Bxd3 7. Qxd3 c5 8. c3 Nc6 9. 0-0 e6 10. Nd2 Nge7 11. Nf3 Nf5 12. Ng3 g6 13. Nxf5 gxf5 14. Bg5 cxd4 15. cxd4 Be7 16. Rac1 Bxg5 17. Nxg5 0-0-0 18. b4 Kb8 19. Qd2 Rc8 20. b5 Nd8 21. Rxc8+ Qxc8 22. Rc1 Qd7 23. a4 b6 24. a5 bxa5 25. Qxa5 Nb7 26. Qa6 Rc8 27. Rb1 Qc7 28. g3 Qc3 29. Nxf7 Qxd4 30. b6 axb6 31. Nd6 Rc7 32. Nb5 Qd3 33. Ra1 Na5 34. Qxb6+ 1-0

[Event "Wch U16 Girls"]
[Site "Florianopolis"]
[Date "2024.10.30"]
[Round "2"]
[White "Peglau, Charis"]
[Black "Field, Rowan Soraya"]
[Result "1/2-1/2"]
[WhiteElo "2095"]
[BlackElo "1893"]
[PlyCount "120"]
[EventDate "2024.10.29"]
[EventType "swiss"]
[EventRounds "11"]
[EventCountry "BRA"]
[SourceTitle "CB45_2024"]
[Source "ChessBase"]
[SourceDate "2024.11.06"]
[SourceVersion "1"]
[SourceVersionDate "2024.11.06"]
[SourceQuality "1"]

1. Nf3 c5 2. c4 Nc6 3. Nc3 g6 4. g3 Bg7 5. Bg2 d6 6. 0-0 e5 7. a3 Nge7 8. Rb1 a5 9. d3 0-0 10. Bd2 h6 11. Nb5 Be6 12. b4 axb4 13. axb4 cxb4 14. Bxb4 Nxb4 15. Rxb4 d5 16. Nd2 Qa5 17. Rb1 dxc4 18. Nxc4 Bxc4 19. dxc4 Rfd8 20. Qb3 Nc6 21. e3 Qa4 22. Nc3 Qxb3 23. Rxb3 Na5 24. Rb4 Rac8 25. Bd5 Rd7 26. Rfb1 Bf8 27. Ra4 Nc6 28. Rb5 Rdc7 29. Ne4 Ne7 30. Nd2 Nxd5 31. Rxd5 Rc5 32. e4 h5 33. Kf1 Bh6 34. Rxc5 Rxc5 35. Nb3 Rc7 36. Ke2 Bf8 37. Kd3 b6 38. f4 exf4 39. gxf4 Bd6 40. e5 Bf8 41. Ra6 Bh6 42. Rxb6 Bxf4 43. c5 Bxe5 44. h3 g5 45. c6 g4 46. hxg4 hxg4 47. Nd2 f6 48. Nf1 Kf7 49. Ne3 g3 50. Ke4 Ke6 51. Kf3 f5 52. Nc4 Bd4 53. Ra6 f4 54. Nd2 Kd5 55. Ra5+ Kxc6 56. Kxf4 g2 57. Nf3 Rf7+ 58. Rf5 Rxf5+ 59. Kxf5 g1Q 60. Nxg1 Bxg1 1/2-1/2

[Event "EU-ch U16 Girls"]
[Site "Prague"]
[Date "2024.08.31"]
[Round "9"]
[White "Sprzeczka, Emilia"]
[Black "Peglau, Charis"]
[Result "0-1"]
[WhiteElo "2149"]
[BlackElo "2031"]
[PlyCount "108"]
[EventDate "2024.08.22"]
[EventType "swiss"]
[EventRounds "9"]
[EventCountry "CZE"]
[SourceTitle "CBM 221 Extra"]
[Source "ChessBase"]
[SourceDate "2024.09.30"]
[SourceVersion "1"]
[SourceVersionDate "2024.09.30"]
[SourceQuality "1"]

1. e4 c5 2. Nf3 e6 3. c3 Nc6 4. d4 d5 5. e5 Bd7 6. Be2 Qb6 7. 0-0 Nh6 8. dxc5 Bxc5 9. b4 Be7 10. Bxh6 gxh6 11. Qd2 Qc7 12. Qe3 Bg5 13. Nxg5 hxg5 14. b5 Nxe5 15. Qxg5 Ng6 16. Re1 Qf4 17. Qxf4 Nxf4 18. Bf1 Rc8 19. a4 0-0 20. Ra2 Rc5 21. Rd2 Rd8 22. Rd4 Ng6 23. f4 Ne7 24. g4 Nc8 25. Re3 Nd6 26. Nd2 f5 27. h3 Ne4 28. Nxe4 fxe4 29. Bg2 Rdc8 30. Bxe4 Rxc3 31. Rxc3 Rxc3 32. f5 Rxh3 33. Kg2 Ra3 34. Bd3 h6 35. Kf3 exf5 36. Rxd5 fxg4+ 37. Kg2 Be6 38. Rd6 Kf7 39. Rd4 h5 40. Rf4+ Ke7 41. Be2 Ra2 42. Kf1 Kd6 43. Re4 Bd5 44. Rf4 Ke5 45. Rf8 Rxa4 46. Rh8 Bf7 47. Kg1 Kf6 48. Rh6+ Kg5 49. Rh7 Rf4 50. Rh8 Bc4 51. Bxc4 Rxc4 52. Rh7 b6 53. Rg7+ Kh4 54. Rxa7 Rc5 0-1

[Event "EU-chT U18 Girls"]
[Site "Rhodes"]
[Date "2024.06.25"]
[Round "5"]
[White "Maria, Lia Alexandra"]
[Black "Peglau, Charis"]
[Result "1-0"]
[WhiteElo "2012"]
[BlackElo "2088"]
[PlyCount "123"]
[EventDate "2024.06.21"]
[EventType "team-swiss"]
[EventRounds "7"]
[EventCountry "GRE"]
[SourceTitle "CBM 221 Extra"]
[Source "ChessBase"]
[SourceDate "2024.09.30"]
[SourceVersion "1"]
[SourceVersionDate "2024.09.30"]
[SourceQuality "1"]
[WhiteTeam "Romania U18 Girls"]
[BlackTeam "Germany U18 Girls"]
[WhiteTeamCountry "ROU"]
[BlackTeamCountry "GER"]

1. d4 Nf6 2. Nf3 e6 3. c4 d5 4. Nc3 Bb4 5. Qa4+ Nc6 6. e3 0-0 7. Bd2 Re8 8. Qc2 Bf8 9. a3 a6 10. Bd3 h6 11. 0-0 dxc4 12. Bxc4 e5 13. dxe5 Nxe5 14. Nxe5 Rxe5 15. e4 Bc5 16. Bf4 Re8 17. e5 Ng4 18. Rae1 Be6 19. Bxe6 Rxe6 20. h3 Bxf2+ 21. Rxf2 Nxf2 22. Qxf2 Qd7 23. Ne4 Rg6 24. Kh2 b6 25. Re2 Rd8 26. Ng3 Qe6 27. Bd2 Rd5 28. Bc3 Rd1 29. Qf3 Qd5 30. Qxd5 Rxd5 31. Nh5 Rd7 32. Re4 Re7 33. Nf4 Rc6 34. Nd5 Rd7 35. Nb4 Re6 36. Nxa6 c5 37. b4 Ra7 38. b5 Rd7 39. Re3 Re8 40. a4 Rd1 41. a5 bxa5 42. Bxa5 Rb1 43. Nc7 Rb8 44. e6 fxe6 45. Rxe6 Kf7 46. Rc6 R8xb5 47. Nxb5 Rxb5 48. Bc3 Rb7 49. Rxc5 Rd7 50. Rc6 Kg8 51. Kg3 Kh7 52. Be5 Re7 53. Kf4 Rf7+ 54. Ke3 Rf5 55. Ke4 Rf2 56. g3 Re2+ 57. Kf5 Rf2+ 58. Ke6 Ra2 59. Rc7 Ra6+ 60. Kf5 Rg6 61. h4 h5 62. Rxg7+ 1-0

[Event "EU-chT U18 Girls"]
[Site "Rhodes"]
[Date "2024.06.24"]
[Round "4"]
[White "Peglau, Charis"]
[Black "Orian, Noga"]
[Result "0-1"]
[WhiteElo "2088"]
[BlackElo "2113"]
[PlyCount "112"]
[EventDate "2024.06.21"]
[EventType "team-swiss"]
[EventRounds "7"]
[EventCountry "GRE"]
[SourceTitle "CBM 221 Extra"]
[Source "ChessBase"]
[SourceDate "2024.09.30"]
[SourceVersion "1"]
[SourceVersionDate "2024.09.30"]
[SourceQuality "1"]
[WhiteTeam "Germany U18 Girls"]
[BlackTeam "Israel Blue U18 Girls"]
[WhiteTeamCountry "GER"]
[BlackTeamCountry "ISR"]

1. Nf3 d5 2. g3 Nc6 3. d4 Bf5 4. Bg2 Nb4 5. Na3 e6 6. 0-0 Be7 7. Bf4 Nf6 8. c3 Na6 9. Qb3 Qc8 10. c4 c6 11. Rac1 0-0 12. Rfd1 h6 13. Nb1 g5 14. Bd2 Qc7 15. h4 Ne4 16. hxg5 hxg5 17. cxd5 exd5 18. Nc3 Nxd2 19. Rxd2 Qb6 20. Qd1 Nc7 21. Ne1 Ne6 22. e4 dxe4 23. Nxe4 Rad8 24. Nc2 Bg6 25. b3 Rd7 26. d5 cxd5 27. Rxd5 Rxd5 28. Qxd5 Rc8 29. Qd2 Qc7 30. b4 Qc4 31. Nc5 Bxc5 32. Ne3 Bxe3 33. Rxc4 Bxd2 34. Rxc8+ Kg7 35. Bxb7 Bxb4 36. Bd5 a5 37. Rb8 Kf6 38. Rb5 Bd3 39. Rb7 Ke5 40. Bb3 f5 41. Rb8 Nc5 42. Re8+ Kd4 43. Rd8+ Kc3 44. Bf7 Kb2 45. f3 Bb1 46. Rg8 Bxa2 47. Bxa2 Kxa2 48. Rxg5 a4 49. Rxf5 a3 50. Rd5 Kb2 51. Rd1 a2 52. g4 Nd3 53. Rxd3 a1Q+ 54. Kg2 Qe1 55. Rd4 Qe2+ 56. Kg3 Qe5+ 0-1

[Event "EU-chT U18 Girls"]
[Site "Rhodes"]
[Date "2024.06.23"]
[Round "3"]
[White "Peglau, Charis"]
[Black "Trunz, Michelle"]
[Result "1-0"]
[WhiteElo "2088"]
[BlackElo "2044"]
[PlyCount "149"]
[EventDate "2024.06.21"]
[EventType "team-swiss"]
[EventRounds "7"]
[EventCountry "GRE"]
[SourceTitle "CBM 221 Extra"]
[Source "ChessBase"]
[SourceDate "2024.09.30"]
[SourceVersion "1"]
[SourceVersionDate "2024.09.30"]
[SourceQuality "1"]
[WhiteTeam "Germany U18 Girls"]
[BlackTeam "Germany U18 Girls II"]
[WhiteTeamCountry "GER"]
[BlackTeamCountry "GER"]

1. c4 e5 2. Nc3 Nf6 3. g3 d5 4. cxd5 Nxd5 5. Bg2 Nb6 6. d3 Be7 7. Be3 0-0 8. Qc2 Na6 9. a3 c6 10. Nf3 f6 11. 0-0 Be6 12. Rfd1 Nd5 13. Bd2 Nc5 14. b4 Nxc3 15. Qxc3 Nb3 16. Rab1 Nd4 17. Nxd4 exd4 18. Qb2 Qd7 19. a4 Rac8 20. Bf4 g5 21. Bc1 f5 22. f4 g4 23. Qd2 Bf6 24. Re1 Rfe8 25. Bb2 Bb3 26. Ba1 Qe6 27. Qb2 Qe3+ 28. Kf1 Bf7 29. Qc1 h5 30. Qxe3 Rxe3 31. Rbc1 h4 32. Kf2 Re7 33. Rc5 Be6 34. Kf1 hxg3 35. hxg3 Kf7 36. e4 dxe3 37. Bxf6 Kxf6 38. Rxe3 Rce8 39. Ree5 Bd7 40. d4 Rxe5 41. dxe5+ Ke7 42. Kf2 Rd8 43. Ke3 Rh8 44. Rc1 Rh2 45. Kf2 Rh6 46. Rh1 Rxh1 47. Bxh1 b6 48. Ke3 c5 49. bxc5 bxc5 50. Kd3 Be6 51. Bc6 Kd8 52. Bb5 Kc7 53. Bc4 Bd7 54. a5 Kc6 55. Kc3 Kc7 56. Bd5 c4 57. Kxc4 Bc8 58. Kc5 Kd7 59. Kb5 Kc7 60. Bf7 Kd7 61. Kc5 Bb7 62. Bg6 Be4 63. Bh7 Bd3 64. Bg8 Be4 65. Kb5 Bb7 66. Bh7 Ke6 67. Bg6 Bc8 68. Kc6 Ba6 69. Kc7 Bb5 70. Kb7 a6 71. Bh7 Bd3 72. Bg8+ Kd7 73. Kb6 Be2 74. Bd5 Bf3 75. Bc4 1-0

[Event "Wch U20 Girls 40th"]
[Site "Gandhinagar"]
[Date "2024.06.12"]
[Round "10"]
[White "Varshita, Jain"]
[Black "Peglau, Charis"]
[Result "1/2-1/2"]
[WhiteElo "1676"]
[BlackElo "2088"]
[PlyCount "48"]
[EventDate "2024.06.02"]
[EventType "swiss"]
[EventRounds "11"]
[EventCountry "IND"]
[SourceTitle "CBM 220 Extra"]
[Source "ChessBase"]
[SourceDate "2024.07.31"]
[SourceVersion "1"]
[SourceVersionDate "2024.07.31"]
[SourceQuality "1"]

1. e4 c5 2. Nf3 e6 3. d4 cxd4 4. Nxd4 a6 5. Be2 Nf6 6. Nc3 Qc7 7. a3 Nc6 8. Be3 Be7 9. 0-0 0-0 10. Kh1 d6 11. f4 Nxd4 12. Bxd4 e5 13. Be3 exf4 14. Bxf4 Be6 15. Qe1 Bc4 16. Rd1 Rfe8 17. Rd4 Bxe2 18. Qxe2 Rac8 19. Rfd1 Qb6 20. Rb4 Qc6 21. Rbd4 Qb6 22. Rb4 Qc6 23. Rbd4 Qb6 24. Rb4 Qc6 1/2-1/2

[Event "Wch U20 Girls 40th"]
[Site "Gandhinagar"]
[Date "2024.06.09"]
[Round "7"]
[White "Peglau, Charis"]
[Black "Arshiya, Das"]
[Result "0-1"]
[WhiteElo "2088"]
[BlackElo "1919"]
[PlyCount "100"]
[EventDate "2024.06.02"]
[EventType "swiss"]
[EventRounds "11"]
[EventCountry "IND"]
[SourceTitle "CBM 220 Extra"]
[Source "ChessBase"]
[SourceDate "2024.07.31"]
[SourceVersion "1"]
[SourceVersionDate "2024.07.31"]
[SourceQuality "1"]

1. d4 d5 2. Nf3 Nf6 3. g3 c6 4. Bg2 Bf5 5. c4 e6 6. 0-0 Nbd7 7. Qb3 Qc8 8. Nc3 h6 9. Bf4 Nh5 10. Bd2 Bd6 11. Rac1 Qb8 12. Rfe1 0-0 13. e4 dxe4 14. Nxe4 Bc7 15. Nh4 Bh7 16. Bb4 Re8 17. d5 cxd5 18. cxd5 e5 19. d6 Bb6 20. Bh3 Rd8 21. Bxd7 Rxd7 22. Qf3 Bg6 23. Nc3 Qe8 24. Qd5 Nf6 25. Qxe5 Bxf2+ 26. Kg2 Bxe1 27. Rxe1 Qc8 28. Nxg6 fxg6 29. Ne4 Qc2+ 30. Kg1 Nxe4 31. Qxe4 Qxe4 32. Rxe4 Rc8 33. Re2 b6 34. Ba3 Rc4 35. b3 Rc6 36. Kf2 a5 37. b4 Rcxd6 38. bxa5 Rf6+ 39. Kg2 bxa5 40. Bb2 Rfd6 41. Bc3 a4 42. a3 Rc7 43. Bb4 Rdc6 44. Kf3 Kf7 45. h4 h5 46. Re5 Rf6+ 47. Kg2 Rc2+ 48. Kg1 Rf3 49. Rg5 Kf6 50. Bd6 Rb3 0-1

[Event "Wch U20 Girls 40th"]
[Site "Gandhinagar"]
[Date "2024.06.07"]
[Round "6"]
[White "Shanmathi Sree, S."]
[Black "Peglau, Charis"]
[Result "0-1"]
[WhiteElo "1854"]
[BlackElo "2088"]
[PlyCount "110"]
[EventDate "2024.06.02"]
[EventType "swiss"]
[EventRounds "11"]
[EventCountry "IND"]
[SourceTitle "CBM 220 Extra"]
[Source "ChessBase"]
[SourceDate "2024.07.31"]
[SourceVersion "1"]
[SourceVersionDate "2024.07.31"]
[SourceQuality "1"]

1. e4 c5 2. Nf3 d6 3. d4 cxd4 4. Nxd4 Nf6 5. Nc3 Nc6 6. Be3 Ng4 7. Bb5 Nxe3 8. Nxc6 Nxd1 9. Nxd8+ Kxd8 10. Rxd1 e6 11. a4 Bd7 12. Bxd7 Kxd7 13. Ke2 a6 14. Rd3 Be7 15. Rhd1 Rhc8 16. f4 Rc6 17. R1d2 Rac8 18. Kd1 Rc4 19. Rd4 Ke8 20. Ne2 e5 21. fxe5 dxe5 22. Rd7 Rxa4 23. Nc3 Ra1+ 24. Ke2 Rg1 25. Kf3 Rd8 26. Rxd8+ Bxd8 27. Rd1 Rxd1 28. Nxd1 Bb6 29. c3 Kd7 30. b3 Ke6 31. Nb2 h5 32. Nc4 Bg1 33. h3 b5 34. Nb2 a5 35. Ke2 Bc5 36. Nd3 Be7 37. Ke3 a4 38. bxa4 bxa4 39. Kd2 f5 40. Nf2 fxe4 41. Nxe4 Kd5 42. Ng3 g6 43. Kc2 h4 44. Ne2 Ke4 45. Nc1 Ke3 46. Nd3 e4 47. Ne5 g5 48. Nc6 Bc5 49. Nd8 Kf2 50. Ne6 Be7 51. c4 e3 52. c5 e2 53. c6 e1Q 54. c7 Qxe6 55. Kd3 a3 0-1

[Event "Wch U20 Girls 40th"]
[Site "Gandhinagar"]
[Date "2024.06.03"]
[Round "2"]
[White "Divyabharathi, Masanam"]
[Black "Peglau, Charis"]
[Result "1-0"]
[WhiteElo "1821"]
[BlackElo "2088"]
[PlyCount "57"]
[EventDate "2024.06.02"]
[EventType "swiss"]
[EventRounds "11"]
[EventCountry "IND"]
[SourceTitle "CBM 220 Extra"]
[Source "ChessBase"]
[SourceDate "2024.07.31"]
[SourceVersion "1"]
[SourceVersionDate "2024.07.31"]
[SourceQuality "1"]

1. e4 c5 2. Nf3 d6 3. d4 cxd4 4. Nxd4 Nf6 5. Nc3 a6 6. Be2 Nbd7 7. 0-0 g6 8. Be3 Bg7 9. Qd2 0-0 10. Bh6 Nc5 11. Bf3 Bg4 12. Bxg7 Kxg7 13. Bxg4 Nxg4 14. Rad1 Ne5 15. Nb3 Rc8 16. f4 Nxb3 17. axb3 Qb6+ 18. Kh1 Nc6 19. Rf3 Nb4 20. f5 h5 21. Rdf1 a5 22. Rh3 Rh8 23. Qg5 d5 24. e5 Qc7 25. fxg6 fxg6 26. Rg3 Qc6 27. Qxe7+ Kh6 28. Qg5+ Kg7 29. Rf6 1-0